000 00452 a2200145 4500
005 20250624131709.0
020 _a0-07-288290-5
082 _a004 SAW
100 _aSAWYER, C. S
245 _aUsing Information Technology : A Practical Introduction to Computers & Communications
260 _aNew York
_bMcGraw-Hill Irwin
_c2005.
300 _axxi,304p.: ill.; figures, pictures
_bAppendix, Index
_c27cm
700 _aBrian K. Williams
942 _2ddc
_cBKS
999 _c4866
_d4866